WHAT THEY DONT TEACH YOU AT HARVARD BUSI (Record no. 30906)
[ view plain ]
| 000 -LEADER | |
|---|---|
| fixed length control field | 00300nam a2200121Ia 4500 |
| 008 - FIXED-LENGTH DATA ELEMENTS--GENERAL INFORMATION | |
| fixed length control field | 240624s9999 xx 000 0 und d |
| 041 ## - LANGUAGE CODE | |
| Language code of text/sound track or separate title | eng |
| 082 ## - DEWEY DECIMAL CLASSIFICATION NUMBER | |
| Classification number | 828 McC |
| 100 ## - MAIN ENTRY--PERSONAL NAME | |
| Personal name | MCCORMACK MARK H |
| 245 ## - TITLE STATEMENT | |
| Title | WHAT THEY DONT TEACH YOU AT HARVARD BUSI |
| 260 ## - PUBLICATION, DISTRIBUTION, ETC. | |
| Place of publication, distribution, etc. | London |
| Name of publisher, distributor, etc. | Profile Books |
| 365 ## - TRADE PRICE | |
| Currency code | RS |
| Withdrawn status | Lost status | Damaged status | Not for loan | Home library | Current library | Shelving location | Date acquired | Cost, normal purchase price | Full call number | Barcode | Date last seen | Price effective from | Koha item type |
|---|---|---|---|---|---|---|---|---|---|---|---|---|---|
| Missing | IMTN | IMTN | Rack 42-A | 08/03/2018 | 175.00 | 828 McC | 30906 | 06/24/2024 | 06/24/2024 | Books |